Statistics for Top 10 Countries with the Most Fishermen

Click here to take the quiz!

General Stats

  • This quiz has been taken 40,752 times
  • The average score is 6 of 10

Answer Stats

PeopleCountry% Correct
9.17 milChina
97%
9.79 milIndia
91%
2.67 milIndonesia
87%
0.877 milBrazil
79%
1.91 milPhilippines
72%
0.530 milVietnam
71%
1.71 milBangladesh
52%
2.98 milMyanmar
40%
1.48 milNigeria
36%
0.440 milD.R. Congo
20%

Score Distribution

Percentile by Number Answered

Percent of People with Each Score

Your Score History

You have not taken this quiz